| 000 | 00946nam a22002897a 4500 | ||
|---|---|---|---|
| 005 | 20101214122559.0 | ||
| 008 | 101214t xxu||||| |||| 00| 0 eng d | ||
| 010 | _aENG-101805 | ||
| 020 |
_a9788120341739 _c225.00 |
||
| 035 | _aEN-85338 | ||
| 037 | _bDBAD/PUB | ||
| 040 |
_aDPL _bEng |
||
| 082 | _a658.404 | ||
| 100 |
_921837 _aKanda, Arun |
||
| 245 |
_aProject management : _cby Arun Kanda _ba life cycle approach / |
||
| 260 |
_aNew Delhi _bPHI Learning _c2011 |
||
| 270 |
_aM-97, Connaught Circus _bNew Delhi _e110001 |
||
| 300 |
_axiii,226p. : _c24cm (pbk) _bill |
||
| 500 | _aIncludes bibliographical references and index | ||
| 650 | _921838 | ||
| 650 | _921839 | ||
| 650 | _921840 | ||
| 650 | _924763 | ||
| 700 | _921841 | ||
| 942 |
_2ddc _cEN _mKAN _h658.404 |
||
| 999 |
_c49161 _d49161 |
||